000 00482nam a2200157Ia 4500
008 240729s9999 xx 000 0 und d
022 _a2578-3750
245 0 _aNursing & Health Sciences Research Journal
260 _aUnited States
260 _bLibrary & Knowledge Services and Nursing & Health Sciences Research Departments
650 _a Nursing
650 _aMedicine
856 _uhttps://doaj.org/toc/ac8424f48ec840bf9b6ac7263ab83b3c
942 _2ddc
942 _cDOAJEJ
999 _c71031
_d71031
945 _a1
_bMadushi Gamage
_c1
_dMadushi Gamage